Report of the 1990 and 1991 industrial survey Whole Kingdom
Guardado en:
| Formato: | Libro |
|---|---|
| Lenguaje: | inglés tailandés |
| Publicado: |
Bangkok
National Statistical Office
[1992]
|
| Materias: | |
| Etiquetas: |
Sin Etiquetas, Sea el primero en etiquetar este registro!
|
MARC
| LEADER | 00000nam a2200000 4500 | ||
|---|---|---|---|
| 001 | c101149 | ||
| 005 | 20221123102333.7 | ||
| 020 | |a 974-8091-54-6 | ||
| 041 | 0 | |a eng | |
| 041 | 0 | |a tha | |
| 044 | |a TH | ||
| 245 | 1 | 0 | |a Report of the 1990 and 1991 industrial survey |b Whole Kingdom |
| 264 | 1 | |a Bangkok |b National Statistical Office |c [1992] | |
| 300 | |a 260 s. | ||
| 610 | 2 | 0 | |a štatistika |
| 610 | 2 | 0 | |a Thajsko |
| 610 | 2 | 0 | |a priemysel |
| 610 | 2 | 0 | |a štatistika ekonomická |
| 610 | 2 | 0 | |a údaje štatistické |
| 610 | 2 | 0 | |a 1990-1991 |